000 00599nam a2200205Ia 4500
003 IEPS
005 20250703135316.0
008 250223s9999||||xx |||||||||||||| ||und||
020 _a9789957711306
040 _CIEPS
041 _aara
082 _a796.07
100 _aإبراهيم إسماعيل خليل
245 0 _aأسس الفلسفة التربية الرياضية على ضوء الفهم الإجتماعي
260 _aعمان
_bدار دجلة
_c2010
300 _a210 ص.
_c24 سم.
653 _aالتربية الرياضية
653 _aفلسفة
942 _cكتاب
999 _c13268
_d13268